Gestión de recursos humanos
Enregistré dans:
| Auteur principal: | |
|---|---|
| Autres auteurs: | |
| Format: | Livre |
| Langue: | espagnol |
| Publié: |
Madrid
Paraninfo
2013
|
| Sujets: | |
| Tags: |
Pas de tags, Soyez le premier à ajouter un tag!
|
MARC
| LEADER | 00000nam a2200000 4500 | ||
|---|---|---|---|
| 001 | 0177211 | ||
| 005 | 20240311124938.8 | ||
| 020 | |a 978-84-9732-909-5 | ||
| 041 | 0 | |a spa | |
| 044 | |a ES | ||
| 245 | 1 | 0 | |a Gestión de recursos humanos |c Belén Ena Ventura, Susana Delgado González |
| 264 | 1 | |a Madrid |b Paraninfo |c 2013 | |
| 300 | |a xi, 251 s. | ||
| 610 | 2 | 0 | |a riadenie ľudských zdrojov |
| 610 | 2 | 0 | |a zdroje ľudské |
| 610 | 2 | 0 | |a zmluvy pracovné |
| 610 | 2 | 0 | |a zabezpečenie sociálne |
| 610 | 2 | 0 | |a platy |
| 100 | 1 | |a Ena Ventura, Belén | |
| 700 | 1 | |a Delgado González, Susana | |